[Event "Espoo (zt)"]
[Site "?"]
[Date "1989.??.??"]
[Round "?"]
[White "Agdestein, S."]
[Black "Hansen, Cu"]
[Result "1-0"]
[WhiteElo "2605"]
[BlackElo "2550"]
[PlyCount "99"]
[EventDate "1989.??.??"]
[Source "ChessBase"]
[SourceDate "1989.07.01"]

1. d4 Nf6 2. c4 e6 3. Nf3 d5 4. Nc3 Be7 5. Bg5 O-O 6. e3 Nbd7 7. Rc1 a6 8. cxd5 exd5 9. Bd3 Re8 10. O-O c6 11. Qc2 Nf8 12. a3 g6 13. Na4 Ne6 14. Bh4 Ng7 15. Nc5 Rb8 16. b4 Bf5 17. Ne5 Bxd3 18. Qxd3 Ne4 19. Bxe7 Qxe7 20. Nxe4 dxe4 21. Qb3 Ne6 22. f4 exf3 23. Rxf3 Ng5 24. Rf2 Qe6 25. Qxe6 Rxe6 26. h4 Ne4 27. Rf4 Ng3 28. Kf2 Nh5 29. Rf3 f5 30. g4 fxg4 31. Nxg4 Re4 32. Rg1 Kg7 33. Ke2 Rbe8 34. Kd3 R8e7 35. a4 a5 36. bxa5 c5 37. Ne5 Rxh4 38. Rgf1 cxd4 39. exd4 Re8 40. Rf7+ Kh6 41. Rxb7 Nf4+ 42. Kc4 Rc8+ 43. Kb5 Ne6 44. Rff7 Nxd4+ 45. Kb6 Re4 46. Rbe7 Nf5 47. Rxh7+ Kg5 48. Nf7+ Kf4 49. Rh4+ Nxh4 50. Rxe4+ 1-0

[Event "FRG-ch International"]
[Site "Munich"]
[Date "1979.??.??"]
[Round "?"]
[White "Olafsson, Fridrik"]
[Black "Balashov, Yuri S"]
[Result "1/2-1/2"]
[WhiteElo "2555"]
[BlackElo "2600"]
[PlyCount "43"]
[EventDate "1979.02.??"]
[Source "ChessBase"]

1. c4 Nf6 2. Nf3 e6 3. Nc3 d5 4. d4 Be7 5. Bg5 O-O 6. Rc1 Nbd7 7. e3 a6 8. cxd5 exd5 9. Bd3 c6 10. Qc2 Re8 11. O-O Nf8 12. Rce1 Ne4 13. Bxe7 Qxe7 14. Bxe4 dxe4 15. Nd2 f5 16. f3 exf3 17. Nxf3 Be6 18. e4 fxe4 19. Rxe4 Rad8 20. Re5 h6 21. Rfe1 Qf7 22. Qe4 1/2-1/2

[Event "Winnipeg CAN"]
[Site "Winnipeg CAN"]
[Date "1986.??.??"]
[Round "10"]
[White "Jussupow, Artur M"]
[Black "Sigurjonsson, Gudmundur"]
[Result "1-0"]
[WhiteElo "2645"]
[BlackElo "2495"]
[PlyCount "65"]
[EventDate "1986.??.??"]
[Source "www.chesslib.no"]
[SourceDate "2004.05.04"]

1. d4 Nf6 2. c4 e6 3. Nf3 d5 4. Nc3 Nbd7 5. Bg5 Be7 6. e3 O-O 7. Rc1 a6 8. cxd5 exd5 9. Bd3 c6 10. Qc2 Re8 11. O-O Nf8 12. Rce1 Be6 13. Ne5 N6d7 14. Bxe7 Qxe7 15. f4 Nxe5 16. fxe5 c5 17. Rf3 Rac8 18. Qf2 b5 19. Rf1 Ng6 20. Ne2 Rc7 21. Nf4 Nxf4 22. exf4 c4 23. Bxh7+ Kxh7 24. f5 Bxf5 25. Rxf5 Kg8 26. Qg3 c3 27. bxc3 Rec8 28. Qf4 Qe6 29. Qh4 g6 30. Rf6 Qe8 31. e6 fxe6 32. Qh6 Rg7 33. R1f3 1-0

[Event "SUI-chT"]
[Site "SUI"]
[Date "1995.??.??"]
[Round "1"]
[White "Gavrikov, Viktor"]
[Black "Renet, Olivier"]
[Result "1/2-1/2"]
[WhiteElo "2605"]
[BlackElo "2520"]
[PlyCount "131"]
[EventDate "1995.??.??"]
[Source "ChessBase"]

1. c4 e6 2. Nc3 d5 3. d4 Be7 4. Nf3 Nf6 5. Bg5 O-O 6. e3 Nbd7 7. Rc1 a6 8. cxd5 exd5 9. Bd3 c6 10. Qc2 Re8 11. O-O Nf8 12. Ne5 Ng4 13. Bxe7 Rxe7 14. Nxg4 Bxg4 15. Rce1 Qd6 16. h3 Bh5 17. f4 f6 18. Qf2 Rae8 19. a3 Bg6 20. f5 Bf7 21. Re2 c5 22. Rd1 c4 23. Bc2 b5 24. e4 dxe4 25. Nxe4 Qc6 26. Rde1 Nd7 27. Nc3 Rxe2 28. Rxe2 Rxe2 29. Qxe2 Qd6 30. Qe4 g6 31. Qe3 Kg7 32. Be4 Nb6 33. Kf1 Qd7 34. fxg6 hxg6 35. Bf3 Qd6 36. Ke2 b4 37. axb4 Qxb4 38. Qd2 Qe7+ 39. Kd1 Nc8 40. Na4 Qd6 41. Nc5 Ne7 42. Ne4 Qb6 43. Nc5 Qd6 44. Ne4 Qh2 45. Kc2 Nf5 46. Nc3 Qd6 47. d5 Qe5 48. Kd1 Nd4 49. Qf2 g5 50. Kd2 Nb3+ 51. Kd1 Qf4 52. Ke1 Bg6 53. Bd1 Qe5+ 54. Qe2 Qg3+ 55. Qf2 Qe5+ 56. Qe2 Nd4 57. Qxe5 fxe5 58. Be2 Nxe2 59. Kxe2 Kf6 60. Kf3 a5 61. g3 Bf5 62. h4 gxh4 63. gxh4 Ke7 64. Ke3 Bg6 65. Kf3 Bf5 66. Ke3 1/2-1/2

[Event "Nordic-ch VISA"]
[Site "Reykjavik"]
[Date "1997.10.12"]
[Round "5"]
[White "Akesson, Ralf"]
[Black "Hjartarson, Johann"]
[Result "1/2-1/2"]
[WhiteElo "2520"]
[BlackElo "2605"]
[PlyCount "130"]
[EventDate "1997.10.08"]
[Source "ChessBase"]
[SourceDate "1998.01.31"]

1. Nf3 Nf6 2. c4 e6 3. Nc3 d5 4. d4 Nbd7 5. Bg5 Be7 6. e3 O-O 7. Rc1 a6 8. cxd5 exd5 9. Bd3 c6 10. Qc2 Re8 11. O-O Nf8 12. h3 g6 13. Bxf6 Bxf6 14. b4 Be7 15. Rb1 Be6 16. Na4 Rc8 17. Nc5 Rc7 18. Nxe6 Nxe6 19. a4 Bd6 20. Qb3 Rce7 21. Rfc1 a5 22. bxa5 Qxa5 23. Rc2 Ra8 24. Rcb2 Qd8 25. Qd1 Ra7 26. g3 Qc8 27. Kg2 Ng7 28. Nd2 Qe8 29. Rb6 Nh5 30. R1b2 Kg7 31. Qb1 Qc8 32. Nf1 Nf6 33. a5 h5 34. h4 Ng4 35. a6 bxa6 36. Rc2 Rec7 37. Qa2 a5 38. Qa4 Bb4 39. Rbxc6 Rxc6 40. Rxc6 Rc7 41. Rxc7 Qxc7 42. Nh2 Nf6 43. Nf3 Qc3 44. Qb5 Bd6 45. Bb1 Qb4 46. Qxb4 Bxb4 47. Bc2 Ne4 48. Ne5 Nc3 49. Nc6 Kf6 50. Kf1 Ke6 51. f3 Bd6 52. Nxa5 Bxg3 53. Nc6 Bxh4 54. Ne5 Bf6 55. Nd3 Kd6 56. Bb3 Bg7 57. Kf2 g5 58. Nc1 h4 59. Bc2 Nb5 60. Bf5 Ke7 61. Ne2 Nd6 62. Bh3 Nb5 63. f4 f6 64. Kf3 Nc7 65. Kg4 Ne6 1/2-1/2

[Event "Tallinn"]
[Site "Tallinn EST"]
[Date "1989.??.??"]
[Round "7"]
[White "Eingorn, Vereslav S"]
[Black "Borges Mateos, Juan"]
[Result "1-0"]
[WhiteElo "2570"]
[BlackElo "2535"]
[PlyCount "101"]
[EventDate "1989.04.??"]
[Source "www.chesslib.no"]
[SourceDate "2004.05.04"]

1. d4 d5 2. c4 e6 3. Nc3 Nf6 4. Bg5 Be7 5. e3 O-O 6. Nf3 Nbd7 7. Rc1 a6 8. cxd5 exd5 9. Bd3 c6 10. Qc2 Re8 11. O-O Nf8 12. Rce1 Be6 13. Ne5 N6d7 14. Bxe7 Rxe7 15. Nxd7 Qxd7 16. Na4 Rae8 17. b4 g6 18. Nc5 Qd6 19. a4 f5 20. b5 axb5 21. axb5 Bf7 22. bxc6 bxc6 23. Qd2 f4 24. exf4 Rxe1 25. Rxe1 Rxe1+ 26. Qxe1 Qxf4 27. Qc3 Qd6 28. g3 Ne6 29. Nxe6 Qxe6 30. h4 Be8 31. Qc1 Kg7 32. Qf4 Qe7 33. Bf1 Bf7 34. Qc1 h6 35. Qxc6 Qe4 36. Qc3 g5 37. hxg5 hxg5 38. f3 Qe6 39. Kf2 Kf6 40. Qc7 Qe7 41. Qxe7+ Kxe7 42. Ke3 Be6 43. Be2 Kf6 44. f4 Bd7 45. Bf3 Be6 46. g4 Bf7 47. Bg2 Be6 48. f5 Bf7 49. Kd2 Ke7 50. Kc3 Kd6 51. Kb4 1-0

[Event "Osijek"]
[Site "?"]
[Date "1978.04.20"]
[Round "12"]
[White "Gligoric Svetozar"]
[Black "Ivkov Borislav"]
[Result "1/2-1/2"]
[WhiteElo "2565"]
[BlackElo "2515"]
[PlyCount "29"]
[EventDate "1978.??.??"]
[Source "www.chesslib.no"]
[SourceDate "2004.05.04"]

1. Nf3 Nf6 2. c4 e6 3. Nc3 d5 4. d4 Be7 5. Bg5 O-O 6. e3 Nbd7 7. Rc1 a6 8. cxd5 exd5 9. Bd3 c6 10. Qc2 Re8 11. O-O Nf8 12. Ne5 Ng4 13. Bxe7 Rxe7 14. Nxg4 Bxg4 15. b4 1/2-1/2

[Event "Titovo Uzice"]
[Site "?"]
[Date "1978.??.??"]
[Round "12"]
[White "Andersson Ulf"]
[Black "Kurajica Bojan"]
[Result "1/2-1/2"]
[WhiteElo "2545"]
[BlackElo "2530"]
[PlyCount "89"]
[EventDate "1978.??.??"]
[Source "www.chesslib.no"]
[SourceDate "2004.05.04"]

1. Nf3 d5 2. c4 e6 3. d4 Nf6 4. Nc3 Be7 5. Bg5 O-O 6. e3 Nbd7 7. Rc1 a6 8. cxd5 exd5 9. Bd3 c6 10. O-O Re8 11. Qc2 Nf8 12. Rce1 Ne4 13. Bxe7 Qxe7 14. Bxe4 dxe4 15. Nd2 f5 16. f3 exf3 17. Nxf3 Be6 18. e4 fxe4 19. Rxe4 Rad8 20. h3 h6 21. Qf2 Nh7 22. Rfe1 Qd7 23. Qe3 Nf8 24. a3 Qc7 25. Qf2 Bf7 26. Ne5 Ng6 27. Nxf7 Qxf7 28. Qxf7+ Kxf7 29. Rxe8 Rxe8 30. Rxe8 Kxe8 31. Ne4 Ke7 32. Nc5 b5 33. Nxa6 Nf4 34. Nb4 Ne2+ 35. Kf2 Nxd4 36. Ke3 c5 37. Nd3 Kd6 38. Ke4 Nc6 39. g4 c4 40. Nc1 Ne5 41. Ne2 Nd3 42. Nd4 Nf2+ 43. Kf3 Nxh3 44. Nxb5+ Kc5 45. Nc3 1/2-1/2

[Event "Clarin GP f"]
[Site "Villa Gisell"]
[Date "1998.03.08"]
[Round "2"]
[White "Sunye Neto, Jaime"]
[Black "Sorokin, Maxim"]
[Result "1/2-1/2"]
[WhiteElo "2515"]
[BlackElo "2555"]
[PlyCount "30"]
[EventDate "1998.03.07"]
[Source "ChessBase"]
[SourceDate "1998.06.15"]

1. c4 Nf6 2. Nc3 e6 3. Nf3 d5 4. d4 Be7 5. Bg5 O-O 6. e3 Nbd7 7. Rc1 a6 8. cxd5 exd5 9. Bd3 c6 10. O-O Re8 11. Qc2 Nf8 12. h3 Ng6 13. Bxf6 Bxf6 14. b4 Be7 15. Rb1 Bd6 1/2-1/2

[Event "Banja Luka"]
[Site "Banja Luka BIH"]
[Date "1979.04.23"]
[Round "13"]
[White "Browne, Walter S"]
[Black "Hernandez, Roman O"]
[Result "1/2-1/2"]
[WhiteElo "2540"]
[BlackElo "2500"]
[PlyCount "71"]
[EventDate "1979.04.??"]
[Source "www.chesslib.no"]
[SourceDate "2004.05.04"]

1. d4 Nf6 2. Nf3 e6 3. c4 d5 4. Bg5 Be7 5. Nc3 O-O 6. e3 Nbd7 7. Rc1 a6 8. cxd5 exd5 9. Bd3 c6 10. Qc2 Re8 11. O-O Nf8 12. Rce1 Be6 13. Ne5 N6d7 14. Bxe7 Qxe7 15. f4 Nxe5 16. dxe5 Rad8 17. Na4 Bc8 18. e4 dxe4 19. Bxe4 Rd4 20. Nc5 Be6 21. Nxe6 Qxe6 22. b3 Red8 23. Re2 Qe7 24. f5 Qxe5 25. Bxc6 Qc7 26. Bf3 Qb6 27. Kh1 Qb4 28. Qc1 a5 29. Rfe1 b5 30. h3 a4 31. bxa4 bxa4 32. Re3 Qd6 33. Re7 g6 34. fxg6 hxg6 35. Ra7 Ne6 36. Qe3 1/2-1/2

[Event "Pula zt"]
[Site "Pula"]
[Date "1975.??.??"]
[Round "?"]
[White "Knaak, Rainer"]
[Black "Csom, Istvan"]
[Result "0-1"]
[WhiteElo "2510"]
[BlackElo "2530"]
[PlyCount "124"]
[EventDate "1975.??.??"]
[Source "ChessBase"]

1. d4 d5 2. c4 e6 3. Nc3 Be7 4. Nf3 Nf6 5. Bg5 O-O 6. e3 Nbd7 7. Rc1 a6 8. cxd5 exd5 9. Bd3 c6 10. O-O Re8 11. Qc2 Nf8 12. Rce1 Nh5 13. Bxe7 Rxe7 14. b4 Qd6 15. Rb1 Ng6 16. a4 Bg4 17. Nd2 Qf6 18. b5 axb5 19. axb5 Qg5 20. Ne2 Re6 21. bxc6 bxc6 22. Ng3 Nxg3 23. hxg3 Nf8 24. Rb6 Rc8 25. Rfb1 Rh6 26. Rb8 Qh5 27. f3 Qh2+ 28. Kf2 Bh3 29. Bf1 Rg6 30. Rxc8 Qxg3+ 31. Ke2 Bxc8 32. Ra1 Re6 33. Qc3 g5 34. Ra8 Bd7 35. Nb3 Re8 36. Qa5 Rb8 37. Qa3 Rxa8 38. Qxa8 Qc7 39. Kf2 Kg7 40. Bd3 Be6 41. Nc5 Bc8 42. Ba6 Bxa6 43. Nxa6 Qb6 44. Nc5 Ng6 45. Qe8 Qb2+ 46. Kg3 Nh4 47. Ne6+ Kf6 48. Nxg5 Qxg2+ 49. Kxh4 Qxg5+ 50. Kh3 Qh6+ 51. Kg3 Kg7 52. Kf2 Qh2+ 53. Kf1 Qg3 54. f4 Qf3+ 55. Ke1 Qg3+ 56. Kd2 Qg2+ 57. Kd3 Qg6+ 58. Kd2 Qf6 59. Qd7 h5 60. Ke2 Qe6 61. Qc7 h4 62. Kf2 h3 0-1

[Event "Budapest ExpFS"]
[Site "Budapest HUN"]
[Date "1992.??.??"]
[Round "?"]
[White "Lukacs, Peter"]
[Black "Csom, Istvan"]
[Result "1/2-1/2"]
[WhiteElo "2490"]
[BlackElo "2540"]
[PlyCount "33"]
[EventDate "1992.09.??"]
[Source "www.chesslib.no"]
[SourceDate "2004.05.04"]

1. d4 Nf6 2. c4 e6 3. Nf3 d5 4. Nc3 Be7 5. Bg5 Nbd7 6. e3 O-O 7. Rc1 a6 8. cxd5 exd5 9. Bd3 c6 10. O-O Re8 11. Qc2 Nf8 12. Rce1 Be6 13. Ne5 N6d7 14. Bxe7 Rxe7 15. Nxd7 Qxd7 16. Na4 Rae8 17. Nc5 1/2-1/2

[Event "Dieren op"]
[Site "Dieren"]
[Date "1990.??.??"]
[Round "7"]
[White "Simic, Radoslav"]
[Black "Ziatdinov, Raset"]
[Result "1/2-1/2"]
[WhiteElo "2505"]
[BlackElo "2515"]
[PlyCount "24"]
[EventDate "1990.07.??"]
[Source "ChessBase"]

1. d4 d5 2. c4 e6 3. Nf3 Nf6 4. Nc3 Be7 5. Bg5 O-O 6. e3 Nbd7 7. Rc1 a6 8. cxd5 exd5 9. Bd3 c6 10. O-O Re8 11. Qc2 Nf8 12. Bxf6 Bxf6 1/2-1/2

[Event "Hungaroil"]
[Site "Siofok"]
[Date "1990.??.??"]
[Round "1"]
[White "Horvath, Jozsef"]
[Black "Horvath, Csaba"]
[Result "1/2-1/2"]
[WhiteElo "2540"]
[BlackElo "2480"]
[PlyCount "32"]
[EventDate "1990.??.??"]
[Source "ChessBase"]

1. Nf3 Nf6 2. c4 e6 3. Nc3 d5 4. d4 Be7 5. Bg5 O-O 6. e3 Nbd7 7. Rc1 a6 8. cxd5 exd5 9. Bd3 Re8 10. O-O c6 11. Qc2 Nf8 12. Qb1 Ne4 13. Bxe7 Qxe7 14. Bxe4 dxe4 15. Nd2 f5 16. d5 Rd8 1/2-1/2

[Event "Young Masters 8th"]
[Site "Loures"]
[Date "2000.11.09"]
[Round "3"]
[White "Ikonnikov, Vyacheslav"]
[Black "Del Rio Angelis, Salvador Gabriel"]
[Result "1/2-1/2"]
[WhiteElo "2548"]
[BlackElo "2467"]
[PlyCount "126"]
[EventDate "2000.11.07"]
[Source "ChessBase"]
[SourceDate "2001.01.11"]

1. d4 Nf6 2. Nf3 e6 3. c4 d5 4. Nc3 Be7 5. Bg5 O-O 6. e3 Nbd7 7. Rc1 a6 8. cxd5 exd5 9. Bd3 c6 10. Qc2 Re8 11. O-O Nf8 12. Ne5 Ng4 13. Nxg4 Bxg5 14. Ne5 g6 15. f4 Bh6 16. Qf2 Nd7 17. Ng4 Bg7 18. f5 Nf6 19. Ne5 Rxe5 20. dxe5 Ng4 21. Qf4 Nxe5 22. Bb1 gxf5 23. Bxf5 Bxf5 24. Qxf5 Qb6 25. Nd1 Qa5 26. a3 Rf8 27. Rc2 Qc7 28. Rcf2 Nc4 29. Qg4 Qe7 30. Qe2 Qe6 31. Qd3 b5 32. b3 Nxa3 33. Rf5 b4 34. Nf2 Nb5 35. Ng4 Qg6 36. Qd1 Nc3 37. Qf3 Ne4 38. Qf4 f6 39. h4 h5 40. Ne5 Qe8 41. Nd3 a5 42. Rc1 a4 43. bxa4 b3 44. a5 Qg6 45. g4 Bh6 46. g5 fxg5 47. Rxf8+ Bxf8 48. hxg5 Nxg5 49. Kh1 Nh3 50. Qf3 Qxd3 51. Qxh3 Bg7 52. Rg1 Qe4+ 53. Kh2 b2 54. Qg3 Qe7 55. a6 Kh8 56. Qg6 h4 57. Rg4 Kg8 58. a7 Qxa7 59. Qe8+ Kh7 60. Qh5+ Kg8 61. Qe8+ Kh7 62. Qh5+ Kg8 63. Qe8+ Kh7 1/2-1/2

[Event "New York op"]
[Site "New York"]
[Date "1987.??.??"]
[Round "?"]
[White "Olafsson, Helgi"]
[Black "Taylor, Timothy"]
[Result "1/2-1/2"]
[WhiteElo "2555"]
[BlackElo "2455"]
[PlyCount "47"]
[EventDate "1987.04.??"]
[Source "ChessBase"]

1. d4 d5 2. Nf3 Nf6 3. c4 e6 4. Nc3 Be7 5. Bg5 O-O 6. e3 Nbd7 7. Rc1 a6 8. cxd5 exd5 9. Bd3 c6 10. O-O Re8 11. Qc2 Nf8 12. Rce1 g6 13. Ne5 Ng4 14. Bxe7 Rxe7 15. f4 Nh6 16. h3 f6 17. Nf3 Bf5 18. g4 Bxd3 19. Qxd3 Qd6 20. e4 Qxf4 21. Ne5 Qg5 22. Nf3 Qf4 23. Ne5 Qg5 24. Nf3 1/2-1/2

[Event "Lvov"]
[Site "?"]
[Date "1987.??.??"]
[Round "?"]
[White "Gurevich, M."]
[Black "Dreev, A."]
[Result "1/2-1/2"]
[WhiteElo "2515"]
[BlackElo "2475"]
[PlyCount "100"]
[EventDate "1987.??.??"]
[Source "ChessBase"]
[SourceDate "1987.07.01"]

1. c4 e6 2. d4 d5 3. Nc3 Nf6 4. Bg5 Nbd7 5. e3 Be7 6. Rc1 O-O 7. Nf3 a6 8. cxd5 exd5 9. Bd3 c6 10. Qc2 Re8 11. O-O Nf8 12. Rce1 Ng6 13. Ne5 Nxe5 14. dxe5 Nd7 15. Bxe7 Qxe7 16. f4 g6 17. e4 d4 18. Ne2 Nc5 19. Rc1 Nxd3 20. Qxd3 c5 21. b4 b6 22. bxc5 bxc5 23. Qa3 Bg4 24. Ng3 Rec8 25. Rf2 Rc6 26. Nf1 Rd8 27. Qg3 Bc8 28. Nd2 d3 29. f5 c4 30. Rxc4 Rxc4 31. Nxc4 Qc7 32. Nd6 d2 33. Qb3 Qc1+ 34. Rf1 Rd7 35. Qd1 Rc7 36. Kf2 Bd7 37. Qb3 Bb5 38. Rd1 Rd7 39. g3 Qc5+ 40. Qe3 Qxe5 41. Qxd2 gxf5 42. Qg5+ Kf8 43. Qh6+ Kg8 44. Qg5+ Kf8 45. Qh6+ Kg8 46. Rd5 Qb2+ 47. Rd2 Qc1 48. Qg5+ Kf8 49. Qh6+ Kg8 50. Qg5+ Kf8 1/2-1/2

[Event "Helsinki"]
[Site "Helsinki"]
[Date "1986.??.??"]
[Round "4"]
[White "Timoscenko, Genadij"]
[Black "Hansen, Curt"]
[Result "1/2-1/2"]
[WhiteElo "2475"]
[BlackElo "2510"]
[PlyCount "46"]
[EventDate "1986.05.??"]
[Source "ChessBase"]

1. d4 Nf6 2. c4 e6 3. Nc3 d5 4. Bg5 Be7 5. Nf3 O-O 6. e3 Nbd7 7. Rc1 a6 8. cxd5 exd5 9. Bd3 Re8 10. Qc2 c6 11. O-O Nf8 12. h3 Be6 13. a3 N6d7 14. Bf4 Ng6 15. Bh2 Ndf8 16. Qb3 Bc8 17. e4 dxe4 18. Nxe4 Ne6 19. Rcd1 b6 20. Rfe1 Nef4 21. Bc4 Nd5 22. Nc3 Be6 23. Ne5 b5 1/2-1/2

[Event "Uzhgorod"]
[Site "Uzhgorod"]
[Date "1988.??.??"]
[Round "?"]
[White "Magerramov, Elmar"]
[Black "Balashov, Yuri S"]
[Result "1/2-1/2"]
[WhiteElo "2430"]
[BlackElo "2555"]
[PlyCount "94"]
[EventDate "1988.09.??"]
[Source "www.chesslib.no"]
[SourceDate "2004.05.04"]

1. d4 Nf6 2. c4 e6 3. Nf3 d5 4. Nc3 Nbd7 5. Bg5 Be7 6. e3 O-O 7. Rc1 a6 8. cxd5 exd5 9. Bd3 c6 10. Qc2 Re8 11. O-O Nf8 12. Ne5 Ng4 13. Bxe7 Qxe7 14. Nxg4 Bxg4 15. Rce1 Rad8 16. f4 Bc8 17. f5 Nd7 18. Qf2 Nf6 19. Na4 Qd6 20. h3 Re7 21. Qf4 Ne8 22. a3 Qxf4 23. Rxf4 f6 24. Kf2 Nd6 25. Nb6 Kf7 26. h4 g5 27. Rf3 h5 28. hxg5 fxg5 29. Rh1 h4 30. g4 Bd7 31. Rfh3 Kf6 32. Rc1 Be8 33. b4 Bf7 34. Rg1 Nc4 35. Rxh4 gxh4 36. g5+ Kg7 37. f6+ Kf8 38. fxe7+ Kxe7 39. Nxc4 dxc4 40. Bh7 Rh8 41. g6 Be6 42. Rh1 Bf7 43. Ke1 h3 44. a4 b5 45. a5 Be6 46. Rxh3 Kf6 47. Rh5 Kg7 1/2-1/2

[Event "FRA-chT 9900"]
[Site "France"]
[Date "2000.04.29"]
[Round "9.2"]
[White "Shchekachev, Andrei"]
[Black "Bricard, Emmanuel"]
[Result "1/2-1/2"]
[WhiteElo "2509"]
[BlackElo "2461"]
[PlyCount "34"]
[EventDate "2000.02.04"]
[Source "www.chesslib.no"]
[SourceDate "2004.05.04"]

1. Nf3 d5 2. d4 Nf6 3. c4 e6 4. Nc3 Nbd7 5. Bg5 Be7 6. e3 O-O 7. Rc1 a6 8. cxd5 exd5 9. Bd3 c6 10. O-O Re8 11. Qc2 Nf8 12. h3 Be6 13. Ne5 N6d7 14. Bxe7 Rxe7 15. f4 f6 16. Nxd7 Qxd7 17. Rce1 Bf7 1/2-1/2

[Event "Jugoslavija"]
[Site "?"]
[Date "1991.??.??"]
[Round "?"]
[White "Sokolov, I."]
[Black "Vukovic, Zd"]
[Result "0-1"]
[WhiteElo "2570"]
[BlackElo "2400"]
[PlyCount "72"]
[EventDate "1991.??.??"]
[Source "ChessBase"]
[SourceDate "1991.06.01"]

1. d4 d5 2. c4 e6 3. Nc3 Be7 4. Nf3 Nf6 5. Bg5 O-O 6. e3 Nbd7 7. Rc1 a6 8. cxd5 exd5 9. Bd3 c6 10. Qc2 Re8 11. O-O Nf8 12. h3 Bd6 13. Rfe1 Be6 14. e4 dxe4 15. Nxe4 Be7 16. Nc5 Qb6 17. a3 Rad8 18. b4 Qc7 19. Rcd1 h6 20. Bc1 Bd5 21. Ne5 Ne6 22. Bb2 Bd6 23. Qc3 Nf4 24. Bf1 Bxg2 25. Bxg2 Bxe5 26. Nxb7 Qxb7 27. Bxc6 Qc8 28. Bxe8 Nxh3+ 29. Kf1 Qf5 30. Rd2 Bf4 31. Bc6 Bxd2 32. Qxd2 Rc8 33. d5 Qg4 34. Qe3 Ne4 35. Qd4 Ng3+ 36. Kg2 Nf4+ 0-1

[Event "Valle d'Aosta op 10th"]
[Site "Valle d'Aosta"]
[Date "2002.02.14"]
[Round "6"]
[White "Zhukova, Natalia"]
[Black "Dervishi, Erald"]
[Result "1/2-1/2"]
[WhiteElo "2441"]
[BlackElo "2525"]
[PlyCount "133"]
[EventDate "2002.02.09"]
[Source "ChessBase"]
[SourceDate "2002.03.14"]

1. d4 d5 2. c4 e6 3. Nc3 Nf6 4. Bg5 Be7 5. Nf3 O-O 6. e3 Nbd7 7. Rc1 a6 8. cxd5 exd5 9. Bd3 Re8 10. O-O c6 11. Qc2 Nf8 12. Rce1 Be6 13. Ne5 N6d7 14. Bxe7 Rxe7 15. f4 f6 16. Nf3 c5 17. f5 Bf7 18. Qf2 b5 19. a3 Qb6 20. g4 Rae8 21. h4 Qd6 22. Kg2 Nb6 23. dxc5 Qxc5 24. e4 Qc6 25. g5 Nbd7 26. gxf6 Qxf6 27. exd5 Qd6 28. Re6 Bxe6 29. fxe6 Nf6 30. Ng5 Nxe6 31. Nxe6 Rxe6 32. Bxh7+ Kxh7 33. dxe6 Rxe6 34. Qf5+ Kg8 35. Rd1 Qe7 36. Rd8+ Kf7 37. Rd2 Re5 38. Qf3 Re3 39. Re2 Rxe2+ 40. Nxe2 Qe5 41. Nc3 Qe6 42. Qb7+ Kg8 43. Qa8+ Kh7 44. Qf3 Qc4 45. Kh3 Qc8+ 46. Kg2 Kh8 47. Qd3 Qg4+ 48. Qg3 Qd4 49. Qf2 Qc4 50. Qg3 Nh5 51. Qg5 Nf6 52. Qg3 Kg8 53. Qf2 Kh7 54. Qf5+ Kh8 55. Kh3 Qc6 56. Kg3 Qd6+ 57. Kg2 Qc6+ 58. Qf3 Qc8 59. Qe2 Qd7 60. Qd1 Qe8 61. Qf3 a5 62. Nd5 Qe5 63. Nxf6 Qxb2+ 64. Kh3 Qxf6 65. Qa8+ Kh7 66. Qxa5 Qf3+ 67. Kh2 1/2-1/2

[Event "Orel"]
[Site "Orel"]
[Date "1999.??.??"]
[Round "?"]
[White "Lunev, Andrey"]
[Black "Pushkov, Nikolai"]
[Result "1-0"]
[WhiteElo "2438"]
[BlackElo "2525"]
[PlyCount "73"]
[EventDate "1999.??.??"]
[Source "www.chesslib.no"]
[SourceDate "2004.05.04"]

1. d4 Nf6 2. c4 e6 3. Nc3 d5 4. Nf3 Nbd7 5. Bg5 Be7 6. e3 O-O 7. Rc1 a6 8. cxd5 exd5 9. Bd3 c6 10. O-O Re8 11. Qc2 Nf8 12. Rce1 Nh5 13. Bxe7 Rxe7 14. Na4 Ng6 15. Bf5 Nf6 16. Nc5 Bxf5 17. Qxf5 Ne8 18. Rc1 Nd6 19. Qh5 Qe8 20. Rfe1 Rd8 21. Nh4 Nxh4 22. Qxh4 Ne4 23. Nd3 Rd6 24. Ne5 Rh6 25. Qg4 f6 26. Nd3 Nd6 27. Nc5 f5 28. Qf3 Rf7 29. g3 Ne4 30. Nd3 Ng5 31. Qg2 Rff6 32. Ne5 Rh3 33. f4 Rfh6 34. fxg5 Rxh2 35. gxh6 Rxg2+ 36. Kxg2 g6 37. g4 1-0

[Event "Ciocaltea mem"]
[Site "Bucharest"]
[Date "1997.??.??"]
[Round "4"]
[White "Nevednichy, Vladislav"]
[Black "Milu, Romeo Sorin"]
[Result "1/2-1/2"]
[WhiteElo "2535"]
[BlackElo "2425"]
[PlyCount "49"]
[EventDate "1997.03.??"]
[Source "ChessBase"]
[SourceDate "1997.10.13"]

1. d4 d5 2. c4 e6 3. Nc3 Be7 4. Nf3 Nf6 5. Bg5 O-O 6. e3 c6 7. Qc2 Nbd7 8. Rc1 a6 9. cxd5 exd5 10. Bd3 Re8 11. O-O Nf8 12. h3 Ng6 13. Rfe1 Ne4 14. Bxe7 Qxe7 15. Bxe4 dxe4 16. Nd2 f5 17. f4 exf3 18. Nxf3 Be6 19. e4 fxe4 20. Rxe4 Qf6 21. Rce1 Bf7 22. Rxe8+ Rxe8 23. Rxe8+ Bxe8 24. Qb3+ Qf7 25. d5 1/2-1/2

[Event "Catania"]
[Site "Catania"]
[Date "1995.??.??"]
[Round "?"]
[White "Garcia Palermo, Carlos H"]
[Black "Vukovic, Zdravko"]
[Result "1/2-1/2"]
[WhiteElo "2490"]
[BlackElo "2470"]
[PlyCount "123"]
[EventDate "1995.??.??"]
[Source "www.chesslib.no"]
[SourceDate "2004.05.04"]

1. d4 d5 2. c4 e6 3. Nc3 Be7 4. Nf3 Nf6 5. Bg5 O-O 6. e3 Nbd7 7. Rc1 a6 8. cxd5 exd5 9. Qc2 c6 10. Bd3 Re8 11. O-O Nf8 12. Ne5 Ng4 13. Bxe7 Qxe7 14. Nxg4 Bxg4 15. Rce1 Rad8 16. Na4 Bc8 17. f4 Qd6 18. Rf3 h6 19. Nc5 Re7 20. a3 Rde8 21. b4 Bg4 22. Rg3 Bc8 23. Rf3 Bg4 24. Rg3 Bc8 25. h3 b6 26. Nb3 Nd7 27. Rf3 Nf6 28. f5 Ne4 29. Bxe4 Rxe4 30. Qc3 Qf6 31. Nd2 R4e7 32. Nf1 Bd7 33. Qd2 c5 34. bxc5 bxc5 35. dxc5 d4 36. Rf4 dxe3 37. Rxe3 Rxe3 38. Nxe3 Qe5 39. Qxd7 Qxe3+ 40. Rf2 Rb8 41. Qd2 Qxc5 42. a4 Rb1+ 43. Kh2 Rb4 44. f6 Qe5+ 45. g3 Rb3 46. Qf4 Qxf4 47. Rxf4 Rb2+ 48. Kg1 g5 49. Rf5 Kh7 50. a5 Re2 51. Rc5 Re6 52. Kg2 Rxf6 53. g4 Kg6 54. Rc7 Re6 55. Rb7 f5 56. Rb6 Kf6 57. gxf5 Kxf5 58. h4 g4 59. h5 Re2+ 60. Kf1 Re6 61. Kg2 Ke5 62. Rxe6+ 1/2-1/2

[Event "New York op"]
[Site "New York"]
[Date "1994.??.??"]
[Round "6"]
[White "Lobron, Eric"]
[Black "Sjodahl, Pontus"]
[Result "1-0"]
[WhiteElo "2570"]
[BlackElo "2385"]
[PlyCount "35"]
[EventDate "1994.03.??"]
[Source "ChessBase"]

1. c4 e6 2. Nc3 d5 3. d4 Nf6 4. Bg5 Be7 5. e3 Nbd7 6. Rc1 O-O 7. Nf3 a6 8. cxd5 exd5 9. Bd3 c6 10. Qc2 Re8 11. O-O Nf8 12. h3 g6 13. Rfe1 Ne6 14. Bh6 Ng7 15. Qb3 Nd7 16. e4 dxe4 17. Rxe4 Nf5 18. Qxf7+ 1-0

[Event "Alekhine Open"]
[Site "Smolensk RUS"]
[Date "1992.??.??"]
[Round "7"]
[White "Tunik, Gennady"]
[Black "Kharitonov, Andrei Y"]
[Result "1/2-1/2"]
[WhiteElo "2450"]
[BlackElo "2505"]
[PlyCount "80"]
[EventDate "1992.??.??"]
[Source "www.chesslib.no"]
[SourceDate "2004.05.04"]

1. d4 Nf6 2. c4 e6 3. Nf3 d5 4. Nc3 Nbd7 5. Bg5 Be7 6. e3 O-O 7. Rc1 a6 8. cxd5 exd5 9. Bd3 c6 10. O-O Re8 11. Qc2 Nf8 12. Rce1 Nh5 13. Bxe7 Rxe7 14. Na4 Ng6 15. Bf5 Nf6 16. Nc5 Bxf5 17. Qxf5 Ne8 18. Rc1 Nd6 19. Qh5 Qe8 20. Rfe1 Rd8 21. Nh4 Nxh4 22. Qxh4 Ne4 23. Nd3 Rd6 24. Rc2 Rh6 25. Qf4 f6 26. Qg4 Ng5 27. Nf4 Re4 28. Rce2 Ne6 29. f3 Nxf4 30. fxe4 Nxe2+ 31. Rxe2 dxe4 32. Rf2 Rg6 33. Qh4 Qe6 34. Qf4 h6 35. Qb8+ Kh7 36. Qxb7 Qc4 37. Qb3 Qc1+ 38. Rf1 Qd2 39. Rf2 Qe1+ 40. Rf1 Qe2 1/2-1/2